[Event "4NCL/Div2/NWE2 vs. WWKS1"]
[Site "Birmingham ENG"]
[Date "2006.01.14"]
[Round "5.8"]
[White "Chevannes, Sabrina"]
[Black "Coates, Christine"]
[Result "1-0"]
[WhiteElo "2100"]
[BlackElo "1500"]
[PlyCount "93"]
[EventDate "2006.01.14"]
[EventType "team"]
[EventRounds "11"]
[EventCountry "ENG"]
[SourceDate "2005.10.25"]

1. d4 d5 2. Nf3 Nf6 3. Bf4 Bf5 4. e3 e6 5. Be2 Be7 6. O-O h6 7. c4 c6 8. Nc3
Nbd7 9. Bd3 Ne4 10. Qc2 Ndf6 11. Be5 O-O 12. Bxf6 Bxf6 13. Nxe4 Bxe4 14. Bxe4
dxe4 15. Qxe4 Qc7 16. Qc2 Rfd8 17. Rad1 Rd7 18. Nd2 Rad8 19. Ne4 Be7 20. Nc3 b5
21. Qe2 b4 22. Ne4 a5 23. b3 c5 24. dxc5 Bxc5 25. Nxc5 Qxc5 26. Rxd7 Rxd7 27.
Rd1 Qe7 28. Qg4 Rxd1+ 29. Qxd1 Qc5 30. Qd8+ Kh7 31. Qd4 Qc7 32. c5 Kg8 33. g3
Kf8 34. e4 e5 35. Qd5 Ke7 36. Kf1 f6 37. Ke2 Qd8 38. Kd3 g6 39. Qxd8+ Kxd8 40.
Kc4 Kc7 41. Kd5 f5 42. exf5 gxf5 43. Kxe5 Kc6 44. Kd4 h5 45. f3 Kb5 46. Kd5 a4
47. c6 1-0

[Event "4NCL/Div2/GUI3 vs. OXF1"]
[Site "Birmingham ENG"]
[Date "2006.01.15"]
[Round "6.1"]
[White "Cooksey, Paul S"]
[Black "Savage, Ben D"]
[Result "0-1"]
[WhiteElo "2253"]
[BlackElo "2310"]
[PlyCount "70"]
[EventDate "2006.01.15"]
[EventType "team"]
[EventRounds "11"]
[EventCountry "ENG"]
[SourceDate "2005.10.25"]

1. d4 d5 2. c4 dxc4 3. Nf3 Nf6 4. e3 e6 5. Bxc4 c5 6. O-O a6 7. dxc5 Qxd1 8.
Rxd1 Bxc5 9. b3 b6 10. Bb2 Bb7 11. Nbd2 Nbd7 12. Be2 O-O 13. Nc4 Rfd8 14. Bd4
b5 15. Na5 Bd5 16. Bxc5 Nxc5 17. Nd4 Rac8 18. Rac1 Nce4 19. Ndc6 Bxc6 20. Rxd8+
Rxd8 21. Rxc6 g6 22. Rc2 Nd5 23. Bf3 Nb4 24. Nc6 Nxc2 25. Nxd8 Nc3 26. a4 Na1
27. axb5 axb5 28. b4 Nc2 29. Nc6 Kf8 30. Kf1 Ke8 31. Be2 Kd7 32. Ne5+ Ke7 33.
Nd3 Kd6 34. Bf3 e5 35. e4 f5 0-1

[Event "4NCL/Div2/GUI3 vs. OXF1"]
[Site "Birmingham ENG"]
[Date "2006.01.15"]
[Round "6.2"]
[White "Ozeren, Kemal"]
[Black "Richardson, Keith B"]
[Result "1/2-1/2"]
[WhiteElo "2286"]
[BlackElo "2236"]
[PlyCount "59"]
[EventDate "2006.01.15"]
[EventType "team"]
[EventRounds "11"]
[EventCountry "ENG"]
[SourceDate "2005.10.25"]

1. d4 Nf6 2. Nf3 g6 3. c4 Bg7 4. Nc3 O-O 5. e4 d6 6. Be2 e5 7. d5 Na6 8. Nd2
Ne8 9. a3 f5 10. b4 Nf6 11. O-O c5 12. dxc6 bxc6 13. Qa4 Nb8 14. Bb2 Be6 15.
Rad1 Qc7 16. Bd3 Nbd7 17. Nf3 Nb6 18. Qc2 fxe4 19. Nxe4 Nxe4 20. c5 Nf6 21.
cxb6 axb6 22. Ng5 Bd5 23. b5 Rac8 24. Bc4 Bxc4 25. Qxc4+ d5 26. Qxc6 Qxc6 27.
bxc6 Rxc6 28. Bxe5 Ra8 29. Rd3 Ne4 30. Bxg7 1/2-1/2

[Event "4NCL/Div2/GUI3 vs. OXF1"]
[Site "Birmingham ENG"]
[Date "2006.01.15"]
[Round "6.3"]
[White "Granat, Russell G"]
[Black "Smallbone, Kieran"]
[Result "1-0"]
[WhiteElo "2262"]
[BlackElo "2194"]
[PlyCount "107"]
[EventDate "2006.01.15"]
[EventType "team"]
[EventRounds "11"]
[EventCountry "ENG"]
[SourceDate "2005.10.25"]

1. e4 c6 2. d4 d5 3. e5 Bf5 4. Ne2 e6 5. Nf4 Nd7 6. h4 h6 7. Bd3 Bxd3 8. Nxd3
c5 9. c3 h5 10. Be3 cxd4 11. cxd4 Ne7 12. Nd2 Nf5 13. g3 Nb6 14. Rc1 Rc8 15.
Rxc8 Qxc8 16. O-O Nc4 17. Nxc4 Qxc4 18. b3 Qc3 19. Qc1 Qxc1 20. Rxc1 Kd7 21.
Kf1 b6 22. Ke2 Be7 23. Nf4 g5 24. hxg5 Bxg5 25. Nxd5 Bxe3 26. Nxe3 Nxd4+ 27.
Kd3 Nc6 28. Ke4 h4 29. g4 h3 30. f4 h2 31. Rh1 Rh3 32. Nf1 Nb4 33. Rxh2 Rxh2
34. Nxh2 Nxa2 35. Nf3 Nc3+ 36. Kd4 Nd5 37. f5 Nc7 38. Ng5 Ke7 39. Ne4 a5 40.
f6+ Kf8 41. g5 Kg8 42. Nd6 Nd5 43. Nc8 b5 44. Ne7+ Kh7 45. Nxd5 exd5 46. Kxd5
a4 47. bxa4 bxa4 48. e6 fxe6+ 49. Kxe6 a3 50. f7 a2 51. f8=Q a1=Q 52. Qf5+ Kg8
53. Qf7+ Kh8 54. Qf6+ 1-0

[Event "4NCL/Div2/GUI3 vs. OXF1"]
[Site "Birmingham ENG"]
[Date "2006.01.15"]
[Round "6.4"]
[White "Milovanovic, Aleksander"]
[Black "Anderton, Matthew N"]
[Result "1-0"]
[WhiteElo "2220"]
[BlackElo "2205"]
[PlyCount "89"]
[EventDate "2006.01.15"]
[EventType "team"]
[EventRounds "11"]
[EventCountry "ENG"]
[SourceDate "2005.10.25"]

1. d4 e6 2. Nf3 c5 3. c4 Nf6 4. d5 exd5 5. cxd5 d6 6. Nc3 g6 7. Bg5 h6 8. Bh4
Bg7 9. Nd2 g5 10. Bg3 Nh5 11. Qa4+ Kf8 12. Qc2 Nxg3 13. hxg3 Nd7 14. e3 Ne5 15.
Be2 a6 16. a4 b6 17. Rb1 Ra7 18. f3 h5 19. g4 hxg4 20. Rxh8+ Bxh8 21. Qh7 Bg7
22. Nce4 gxf3 23. gxf3 f5 24. Ng3 Qf6 25. Nh5 Qh6 26. Qxh6 Bxh6 27. f4 gxf4 28.
exf4 Ng6 29. Nc4 Nxf4 30. Nxf4 Bxf4 31. Nxb6 Bb7 32. Kf2 a5 33. Bb5 Ba6 34. Nc4
Bc8 35. Re1 Kf7 36. Rh1 Kg7 37. Rg1+ Kf7 38. Re1 Bh2 39. Re8 Bd7 40. Rh8 Bxb5
41. axb5 Be5 42. b6 Rb7 43. Rh7+ Bg7 44. Nxd6+ Kg6 45. Nxb7 1-0

[Event "4NCL/Div2/GUI3 vs. OXF1"]
[Site "Birmingham ENG"]
[Date "2006.01.15"]
[Round "6.5"]
[White "Allinson, Julian"]
[Black "Shaw, David A"]
[Result "0-1"]
[WhiteElo "2121"]
[BlackElo "2200"]
[PlyCount "56"]
[EventDate "2006.01.15"]
[EventType "team"]
[EventRounds "11"]
[EventCountry "ENG"]
[SourceDate "2005.10.25"]

1. d4 e6 2. Nf3 f5 3. g3 Nf6 4. Bg2 d5 5. O-O c6 6. c4 Bd6 7. b3 Qe7 8. Bb2 O-O
9. Nc3 Nbd7 10. e3 Ng4 11. Ne2 Qf6 12. Nf4 g5 13. Nd3 h5 14. h4 gxh4 15. Nxh4
Qg7 16. Nf4 Ndf6 17. Qe1 Kh7 18. a4 Rg8 19. Ba3 Bc7 20. Rc1 Bd8 21. Kh1 Bd7 22.
Rc2 Ne4 23. Bc1 Ngxf2+ 24. Rfxf2 Nxg3+ 25. Kh2 Bxh4 26. Qd1 Qh6 27. Rf3 Ne4 28.
Rh3 Bg3+ 0-1

[Event "4NCL/Div2/GUI3 vs. OXF1"]
[Site "Birmingham ENG"]
[Date "2006.01.15"]
[Round "6.6"]
[White "Dickinson, Timothy R"]
[Black "Frostick, Clive A"]
[Result "1/2-1/2"]
[WhiteElo "2176"]
[BlackElo "2178"]
[PlyCount "95"]
[EventDate "2006.01.15"]
[EventType "team"]
[EventRounds "11"]
[EventCountry "ENG"]
[SourceDate "2005.10.25"]

1. e4 c5 2. Na3 Nc6 3. Bb5 g6 4. Nf3 Bg7 5. O-O Nf6 6. Re1 O-O 7. c3 d5 8. e5
Ne8 9. d4 cxd4 10. cxd4 Nc7 11. Bxc6 bxc6 12. h3 Ne6 13. Be3 f5 14. exf6 exf6
15. Qc1 Bd7 16. Bh6 Qb6 17. Bxg7 Kxg7 18. Nc2 Rae8 19. Qd2 Rf7 20. Ne3 Qc7 21.
g3 Nd8 22. Rac1 Qd6 23. Kg2 Rfe7 24. Ng4 Nf7 25. Rxe7 Rxe7 26. Re1 Rxe1 27.
Qxe1 Qe6 28. Qxe6 Bxe6 29. Ne3 Nd6 30. Nd2 Kf7 31. Nb3 Ke7 32. Nc5 Nb5 33. Nxe6
Kxe6 34. Nc2 Nd6 35. Nb4 Kd7 36. Kf3 Nc4 37. Nd3 Nd2+ 38. Kf4 Kd6 39. f3 Ke6
40. Ke3 Nc4+ 41. Ke2 Ke7 42. g4 Nd6 43. Nc5 Nc4 44. b3 Nd6 45. a4 Nf7 46. Ke3
Nd6 47. h4 Ne8 48. Nd3 1/2-1/2

[Event "4NCL/Div2/GUI3 vs. OXF1"]
[Site "Birmingham ENG"]
[Date "2006.01.15"]
[Round "6.7"]
[White "Hale, Stephanie"]
[Black "Webster, Ian"]
[Result "0-1"]
[WhiteElo "1580"]
[BlackElo "2119"]
[PlyCount "66"]
[EventDate "2006.01.15"]
[EventType "team"]
[EventRounds "11"]
[EventCountry "ENG"]
[SourceDate "2005.10.25"]

1. e4 e6 2. d4 d5 3. exd5 exd5 4. Nc3 c6 5. Nf3 Bd6 6. Be3 Bg4 7. Be2 Nd7 8.
Qd3 Ne7 9. h3 Bf5 10. Qd2 Qc7 11. Bd3 O-O-O 12. O-O-O f6 13. g4 Bxd3 14. Qxd3
Ng6 15. Bd2 Nf4 16. Qf1 Rde8 17. Nh4 g6 18. Ng2 Re6 19. Kb1 Rhe8 20. f3 Nb6 21.
Qf2 Ne2 22. Nxe2 Rxe2 23. Qf1 Nc4 24. Bc1 Bg3 25. f4 Rf2 26. Qg1 Ree2 27. Ne1
Bxf4 28. Bxf4 Qxf4 29. Nd3 Qxd4 30. c3 Rxb2+ 31. Ka1 Rxa2+ 32. Kb1 Na3+ 33. Kc1
Rfc2# 0-1

[Event "4NCL/Div2/RICA vs. NWE2"]
[Site "Birmingham ENG"]
[Date "2006.01.15"]
[Round "6.1"]
[White "Van de Griendt, Jan W"]
[Black "Lyell, Mark"]
[Result "1-0"]
[WhiteElo "2380"]
[BlackElo "2235"]
[PlyCount "68"]
[EventDate "2006.01.15"]
[SourceDate "2005.10.25"]

1. d4 d5 2. c4 Nc6 3. Nf3 Bg4 4. cxd5 Bxf3 5. gxf3 Qxd5 6. e3 e6 7. Nc3 Qh5 8.
a3 O-O-O 9. f4 Qxd1+ 10. Kxd1 Nf6 11. Bg2 Ne7 12. Ke2 Nf5 13. Rd1 c6 14. Bd2 h6
15. b4 Kb8 16. Kf1 Be7 17. b5 c5 18. dxc5 Bxc5 19. Na4 Be7 20. Bc3 Nd7 21. Ba5
b6 22. Bb4 Bxb4 23. axb4 Nf6 24. Rdc1 Rd2 25. h3 Rc8 26. Bc6 Rcd8 27. Ke1 g5
28. fxg5 hxg5 29. Nxb6 g4 30. Nc4 R2d3 31. b6 axb6 32. Ne5 gxh3 33. Nxd3 Rxd3
34. Ra8+ Kc7 1-0

[Event "4NCL/Div2/RICA vs. NWE2"]
[Site "Birmingham ENG"]
[Date "2006.01.15"]
[Round "6.2"]
[White "Coates, Kenneth G"]
[Black "Hinks-Edwards, Thomas"]
[Result "1/2-1/2"]
[WhiteElo "2197"]
[BlackElo "2343"]
[PlyCount "34"]
[EventDate "2006.01.15"]
[SourceDate "2005.10.25"]

1. e4 Nf6 2. e5 Nd5 3. d4 d6 4. c4 Nb6 5. f4 dxe5 6. fxe5 c5 7. d5 e6 8. Nc3
exd5 9. cxd5 c4 10. Nf3 Bb4 11. Bxc4 Bxc3+ 12. bxc3 Nxc4 13. Qa4+ Nd7 14. Qxc4
Nb6 15. Qb5+ Qd7 16. Qxd7+ Bxd7 17. d6 Rc8 1/2-1/2

[Event "4NCL/Div2/RICA vs. NWE2"]
[Site "Birmingham ENG"]
[Date "2006.01.15"]
[Round "6.3"]
[White "Wall, Gavin"]
[Black "Hulmes, David I"]
[Result "1/2-1/2"]
[WhiteElo "2348"]
[BlackElo "2206"]
[PlyCount "69"]
[EventDate "2006.01.15"]
[SourceDate "2005.10.25"]

1. e4 e5 2. Nf3 Nc6 3. Bc4 Bc5 4. c3 Nf6 5. d3 a6 6. Bb3 d6 7. Nbd2 Ba7 8. h3
O-O 9. Nf1 h6 10. Ng3 Ne7 11. Nh4 d5 12. Qf3 Qd6 13. O-O c6 14. Re1 Nh7 15.
Nhf5 Nxf5 16. Nxf5 Bxf5 17. Qxf5 Rfe8 18. Be3 Bxe3 19. Rxe3 Re7 20. exd5 cxd5
21. Rae1 Rae8 22. f4 exf4 23. Rxe7 Rxe7 24. Rxe7 Qxe7 25. Qxf4 Nf6 26. Kf2 Qc5+
27. Qe3 b6 28. Qxc5 bxc5 29. Ke3 g5 30. Bd1 Kf8 31. d4 c4 32. Bf3 Ke7 33. b4
Kd6 34. a4 Kc6 35. g3 1/2-1/2

[Event "4NCL/Div2/RICA vs. NWE2"]
[Site "Birmingham ENG"]
[Date "2006.01.15"]
[Round "6.4"]
[White "Mulligan, Stephen"]
[Black "Bates, Richard A"]
[Result "1/2-1/2"]
[WhiteElo "2169"]
[BlackElo "2383"]
[PlyCount "40"]
[EventDate "2006.01.15"]
[SourceDate "2005.10.25"]

1. d4 Nf6 2. Nf3 g6 3. g3 Bg7 4. Bg2 O-O 5. O-O d6 6. c4 c6 7. Nc3 Qa5 8. h3
Be6 9. Qd3 Qa6 10. b3 d5 11. Ne5 Rd8 12. Rd1 dxc4 13. Nxc4 Ne8 14. e3 Bxc4 15.
Qxc4 Nd6 16. Qxa6 Nxa6 17. Ba3 Rd7 18. Rac1 e6 19. Kf1 Rad8 20. Ke2 Nf5 1/2-1/2

[Event "4NCL/Div2/RICA vs. NWE2"]
[Site "Birmingham ENG"]
[Date "2006.01.15"]
[Round "6.5"]
[White "Nixon, Thomas C M"]
[Black "Hanley, James"]
[Result "1/2-1/2"]
[WhiteElo "2216"]
[BlackElo "2108"]
[PlyCount "74"]
[EventDate "2006.01.15"]
[SourceDate "2005.10.25"]

1. d4 Nf6 2. c4 g6 3. g3 Bg7 4. Bg2 O-O 5. Nc3 d6 6. Nf3 Nc6 7. d5 Na5 8. Qd3
c5 9. Nd2 e5 10. dxe6 Bxe6 11. O-O Qe7 12. Nd5 Nxd5 13. cxd5 Bd7 14. Qa3 b6 15.
Ne4 Bf5 16. Nc3 a6 17. e4 Bd7 18. Rb1 Rfc8 19. Re1 Nc4 20. Qb3 b5 21. Qc2 Rc7
22. Kh1 Rac8 23. Qd1 b4 24. Ne2 Bb5 25. f4 Re8 26. b3 Nb6 27. Be3 Qd8 28. Bf2
Rce7 29. Bf3 a5 30. Qc2 f6 31. Ng1 Qb8 32. Rbc1 Rc7 33. Be3 Rec8 34. Qf2 Nd7
35. Ne2 a4 36. Bg4 a3 37. Be6+ Kh8 1/2-1/2

[Event "4NCL/Div2/RICA vs. NWE2"]
[Site "Birmingham ENG"]
[Date "2006.01.15"]
[Round "6.6"]
[White "Peacock, Malcolm R"]
[Black "Franklin, Michael J"]
[Result "0-1"]
[WhiteElo "2060"]
[BlackElo "2231"]
[PlyCount "104"]
[EventDate "2006.01.15"]
[SourceDate "2005.10.25"]

1. c4 Nf6 2. g3 e6 3. Nf3 d5 4. b3 Be7 5. Bg2 O-O 6. O-O c6 7. Bb2 Nbd7 8. d3
b6 9. Nbd2 Bb7 10. Qc2 c5 11. e4 d4 12. e5 Ng4 13. h3 Ngxe5 14. Nxe5 Bxg2 15.
Nxf7 Rxf7 16. Kxg2 Qc7 17. Rae1 Qc6+ 18. Ne4 Nf6 19. Kh2 Nxe4 20. Rxe4 Bf6 21.
f4 Re7 22. Qe2 Rae8 23. Bc1 g6 24. Qg4 Kf7 25. Qf3 Qd7 26. Bd2 Kg8 27. Be1 Rf7
28. Qg4 Bg7 29. Bd2 Qc8 30. Kg1 Rf5 31. Qe2 Rf7 32. Re1 Rfe7 33. Qg4 Bf6 34.
R1e2 Kf7 35. b4 Qa6 36. Bc1 Qa4 37. Rb2 cxb4 38. Qe2 a5 39. Rb1 e5 40. fxe5
Rxe5 41. Bb2 Rxe4 42. dxe4 Qc6 43. Rf1 Rxe4 44. Qf3 Kg7 45. g4 h6 46. Bc1 Re6
47. Qf4 g5 48. Qb8 Qd6 49. Qb7+ Re7 50. Qf3 d3 51. Rd1 Bd4+ 52. Kh1 Re2 0-1

[Event "4NCL/Div2/RICA vs. NWE2"]
[Site "Birmingham ENG"]
[Date "2006.01.15"]
[Round "6.7"]
[White "Wilson, Alexandra"]
[Black "Ruston, Mark"]
[Result "1-0"]
[WhiteElo "2101"]
[BlackElo "2108"]
[PlyCount "83"]
[EventDate "2006.01.15"]
[SourceDate "2005.10.25"]

1. e4 e6 2. d4 d5 3. e5 c5 4. c3 Qb6 5. Nf3 Nc6 6. a3 Nh6 7. b4 cxd4 8. cxd4
Nf5 9. Be3 Bd7 10. g4 Nxe3 11. fxe3 Rc8 12. Bd3 Be7 13. O-O Qd8 14. Nbd2 h5 15.
gxh5 Rxh5 16. Kh1 Bg5 17. Qe2 Bh6 18. Rg1 Ne7 19. Nf1 Nf5 20. Ng3 Nxg3+ 21.
Rxg3 Rc3 22. Rag1 Rxa3 23. Ne1 Rg5 24. Qb2 Rxg3 25. Rxg3 Ra4 26. Bc2 Ra6 27.
Nd3 Rb6 28. Nc5 Bb5 29. Bb1 Bc4 30. Qa3 a6 31. Qa4+ Bb5 32. Qc2 Bc6 33. Rf3 Qe7
34. Qg2 Rxb4 35. Bg6 fxg6 36. Qxg6+ Kd8 37. Nxe6+ Kd7 38. Rf7 Rb1+ 39. Kg2 Rb2+
40. Kf3 Bb5 41. Nc5+ Ke8 42. Rxg7+ 1-0

[Event "4NCL/Div2/RICA vs. NWE2"]
[Site "Birmingham ENG"]
[Date "2006.01.15"]
[Round "6.8"]
[White "Coates, Christine"]
[Black "Manning, Russell P"]
[Result "1/2-1/2"]
[WhiteElo "1500"]
[BlackElo "2150"]
[PlyCount "73"]
[EventDate "2006.01.15"]
[SourceDate "2005.10.25"]

1. d4 Nf6 2. Nf3 g6 3. Bf4 Bg7 4. e3 O-O 5. Be2 d5 6. h3 Ne4 7. Nbd2 Nd7 8. c3
f6 9. Qb3 Nxd2 10. Qxd5+ Kh8 11. Nxd2 c6 12. Qb3 a5 13. O-O a4 14. Qc2 e5 15.
Bh2 Qe7 16. Rfe1 f5 17. Rad1 e4 18. f3 Nf6 19. Rf1 Nd5 20. Nc4 Qg5 21. f4 Qe7
22. Qd2 Be6 23. Ra1 b5 24. Ne5 Bxe5 25. fxe5 Nb6 26. Qe1 Nc4 27. Bxc4 bxc4 28.
Qe2 a3 29. Rfb1 Qa7 30. Bf4 Qa5 31. Qe1 Rf7 32. bxa3 Kg7 33. Qc1 h6 34. Rb4 g5
35. Bg3 Qxa3 36. Qxa3 Rxa3 37. Be1 1/2-1/2

[Event "4NCL/Div2/BRI1 vs. PYO"]
[Site "Birmingham ENG"]
[Date "2006.01.15"]
[Round "6.1"]
[White "Cobb, Charles"]
[Black "Rendle, Thomas E"]
[Result "1/2-1/2"]
[WhiteElo "2404"]
[BlackElo "2340"]
[PlyCount "48"]
[EventDate "2006.01.15"]
[SourceDate "2005.10.25"]

1. c4 f5 2. d4 Nf6 3. g3 e6 4. Bg2 Be7 5. Nf3 d6 6. O-O O-O 7. b4 Ne4 8. Bb2
Nd7 9. Nbd2 Ndf6 10. e3 Qe8 11. a4 Qg6 12. b5 Qh6 13. Nxe4 fxe4 14. Nd2 d5 15.
Ba3 Bxa3 16. Rxa3 Bd7 17. f3 exf3 18. Nxf3 Be8 19. Ne5 Bh5 20. Qd3 Rad8 21. c5
Ng4 22. Rxf8+ Rxf8 23. Nxg4 Bxg4 24. Ra1 Bf5 1/2-1/2

[Event "4NCL/Div2/BRI1 vs. PYO"]
[Site "Birmingham ENG"]
[Date "2006.01.15"]
[Round "6.2"]
[White "Dorrington, Christopher"]
[Black "Sherwin, James T"]
[Result "1-0"]
[WhiteElo "2227"]
[BlackElo "2274"]
[PlyCount "59"]
[EventDate "2006.01.15"]
[SourceDate "2005.10.25"]

1. e4 c5 2. Nc3 Nc6 3. Bb5 Nd4 4. Bc4 e6 5. Nf3 Ne7 6. O-O Nec6 7. Nxd4 cxd4 8.
Ne2 Bc5 9. d3 Na5 10. a3 Nxc4 11. dxc4 e5 12. Ng3 d6 13. Qd3 h5 14. h3 h4 15.
Ne2 g5 16. b4 Bb6 17. c3 dxc3 18. Qxc3 Rg8 19. c5 dxc5 20. bxc5 Bc7 21. f3 Be6
22. Be3 Ba5 23. Qc2 Qc7 24. Rfd1 Rc8 25. Rab1 f6 26. Qb2 Rg7 27. Rd6 Re7 28.
Qb5+ Kf7 29. Rbd1 Rb8 30. Rxe6 1-0

[Event "4NCL/Div2/BRI1 vs. PYO"]
[Site "Birmingham ENG"]
[Date "2006.01.15"]
[Round "6.3"]
[White "Beaumont, Chris"]
[Black "Player, Edmund C"]
[Result "1/2-1/2"]
[WhiteElo "2329"]
[BlackElo "2122"]
[PlyCount "106"]
[EventDate "2006.01.15"]
[SourceDate "2005.10.25"]

1. e4 e6 2. d4 d5 3. e5 c5 4. c3 Nc6 5. Nf3 Qb6 6. a3 Nh6 7. b4 cxd4 8. cxd4
Nf5 9. Bb2 Bd7 10. g4 Nh6 11. Rg1 f6 12. exf6 gxf6 13. Nc3 Qc7 14. Rc1 Qf4 15.
h3 Nf7 16. Qe2 Be7 17. Qe3 Qxe3+ 18. fxe3 Nd6 19. Bd3 a6 20. e4 dxe4 21. Nxe4
Nxe4 22. Bxe4 O-O-O 23. Kf2 Kb8 24. d5 exd5 25. Bxd5 Rhf8 26. Rcd1 a5 27. Rge1
axb4 28. Bxc6 Bc5+ 29. Bd4 Bxd4+ 30. Nxd4 bxc6 31. axb4 Rde8 32. Nb3 Rxe1 33.
Rxe1 Re8 34. Rd1 Kc7 35. Nc5 Be6 36. Ra1 Bd5 37. Ra7+ Kd6 38. Rxh7 Rb8 39. Nb7+
Ke5 40. Ke3 f5 41. gxf5 Kxf5 42. Kd4 Kg6 43. Rc7 Bg2 44. Kc5 Rh8 45. Na5 Rh5+
46. Kd6 Rd5+ 47. Ke7 Rb5 48. Nxc6 Kg5 49. Kd6 Bxc6 50. Rg7+ Kh6 51. Kxc6 Rxb4
52. Rg3 Kh5 53. Kc5 Rb2 1/2-1/2

[Event "4NCL/Div2/BRI1 vs. PYO"]
[Site "Birmingham ENG"]
[Date "2006.01.15"]
[Round "6.4"]
[White "Eckersley-Waites, Tom"]
[Black "Buckley, David E"]
[Result "1-0"]
[WhiteElo "2116"]
[BlackElo "2246"]
[PlyCount "95"]
[EventDate "2006.01.15"]
[SourceDate "2005.10.25"]

1. e4 c5 2. Nf3 d6 3. d4 cxd4 4. Nxd4 Nf6 5. Nc3 Nc6 6. Bg5 e6 7. Qd2 Be7 8.
O-O-O O-O 9. Nb3 Qb6 10. f3 Rd8 11. g4 d5 12. exd5 Nxd5 13. Bxe7 Ndxe7 14. Bd3
e5 15. Qe1 Be6 16. Kb1 a5 17. Qh4 Ng6 18. Bxg6 hxg6 19. Ne4 f6 20. Nbc5 Nb4 21.
a3 Nd5 22. Nxe6 Qxe6 23. Qf2 Rac8 24. h4 Nf4 25. Qa7 b6 26. Qb7 Nd5 27. h5 Qf7
28. Qa6 gxh5 29. Nd6 Nc7 30. Qb7 Qd7 31. Nxc8 Qxc8 32. Rxd8+ Qxd8 33. Qxb6 h4
34. Qb3+ Kf8 35. Rxh4 Ke7 36. Qd3 Qb8 37. Rh1 Ne6 38. Rd1 Qc7 39. Qd5 Nd4 40.
Qe4 Qb6 41. Kc1 Kf7 42. c3 Ne6 43. Rd7+ Ke8 44. Rb7 Qa6 45. Qd5 Qf1+ 46. Kc2
Qe2+ 47. Kb1 Qf1+ 48. Ka2 1-0

[Event "4NCL/Div2/BRI1 vs. PYO"]
[Site "Birmingham ENG"]
[Date "2006.01.15"]
[Round "6.5"]
[White "Dilleigh, Stephen P"]
[Black "Levermore, Peter A"]
[Result "1/2-1/2"]
[WhiteElo "2149"]
[BlackElo "2086"]
[PlyCount "42"]
[EventDate "2006.01.15"]
[SourceDate "2005.10.25"]

1. d4 g6 2. e4 Bg7 3. c4 d6 4. Nc3 Nd7 5. Nf3 e5 6. Be3 Ne7 7. h4 h5 8. Qd2 O-O
9. O-O-O exd4 10. Nxd4 Ne5 11. f3 N7c6 12. Nxc6 Nxc6 13. Bg5 f6 14. Bh6 Be6 15.
Bxg7 Kxg7 16. Nd5 Ne5 17. Qc3 Bxd5 18. Rxd5 c6 19. Rd2 Qe7 20. Kb1 Rfd8 21. Be2
Rd7 1/2-1/2

[Event "4NCL/Div2/BRI1 vs. PYO"]
[Site "Birmingham ENG"]
[Date "2006.01.15"]
[Round "6.6"]
[White "Hillman, Jamie O"]
[Black "Easton, Alex"]
[Result "1/2-1/2"]
[WhiteElo "1999"]
[BlackElo "2100"]
[PlyCount "56"]
[EventDate "2006.01.15"]
[SourceDate "2005.10.25"]

1. e4 e6 2. d4 d5 3. e5 c5 4. c3 Qb6 5. Nf3 Nc6 6. a3 Nh6 7. b4 cxd4 8. cxd4
Nf5 9. Bb2 Bd7 10. Be2 Rc8 11. O-O Be7 12. Qd2 h5 13. Rd1 a6 14. Nc3 Na7 15.
Bd3 g6 16. Rac1 Bb5 17. Nxb5 axb5 18. Rxc8+ Nxc8 19. Rc1 Na7 20. Qe2 Kd7 21.
Bxf5 exf5 22. Nd2 Rc8 23. Rxc8 Kxc8 24. Qd3 Qc6 25. f4 Kd7 26. Kf2 Nc8 27. Nb3
Qc4 28. Ke3 Nb6 1/2-1/2

[Event "4NCL/Div2/BRI1 vs. PYO"]
[Site "Birmingham ENG"]
[Date "2006.01.15"]
[Round "6.7"]
[White "Curtis, John"]
[Black "Wells, Daniel"]
[Result "0-1"]
[WhiteElo "2126"]
[BlackElo "1988"]
[PlyCount "58"]
[EventDate "2006.01.15"]
[SourceDate "2005.10.25"]

1. d4 Nf6 2. Nf3 g6 3. Nc3 Bg7 4. e4 d6 5. Be3 O-O 6. Qd2 Nbd7 7. Bh6 c5 8.
Bxg7 Kxg7 9. d5 a6 10. a4 Qa5 11. Ra3 Rb8 12. Be2 Qc7 13. O-O c4 14. Nd4 Nc5
15. Qe3 Bd7 16. f4 b5 17. axb5 axb5 18. e5 b4 19. exf6+ exf6 20. f5 bxa3 21.
bxa3 Rbe8 22. Qf4 Qa7 23. fxg6 fxg6 24. Kh1 Ne4 25. Ndb5 Bxb5 26. Nxe4 Qd4 27.
Bf3 f5 28. Rd1 Rxe4 29. Qxd6 Qxd1+ 0-1

[Event "4NCL/Div2/BRI1 vs. PYO"]
[Site "Birmingham ENG"]
[Date "2006.01.15"]
[Round "6.8"]
[White "Hegarty, Sarah"]
[Black "James, Ann-Marie"]
[Result "0-1"]
[WhiteElo "1887"]
[BlackElo "2082"]
[PlyCount "74"]
[EventDate "2006.01.15"]
[SourceDate "2005.10.25"]

1. e4 e5 2. Bc4 Nf6 3. d3 Nc6 4. Nf3 Be7 5. h3 O-O 6. O-O d6 7. c3 Na5 8. Bb5
c6 9. Ba4 b5 10. Bc2 Kh8 11. b4 Nb7 12. d4 Qc7 13. Bb2 Nd8 14. dxe5 dxe5 15. c4
Nd7 16. cxb5 cxb5 17. a3 a6 18. Nc3 Nc6 19. Nd5 Qb8 20. Bb3 Bd8 21. Rc1 Ne7 22.
Qc2 Ng6 23. Rfd1 Bb7 24. Qc3 Nf6 25. Re1 Nd7 26. Nc7 Ra7 27. Nd5 Ba8 28. Qd2
Bf6 29. Rc2 Rd8 30. Rec1 Nb6 31. Nxb6 Rxd2 32. Nxd2 Qxb6 33. Rc8+ Bd8 34. a4
Bb7 35. R8c2 f6 36. a5 Qd6 37. Ba3 Nf4 0-1

[Event "4NCL/Div2/WES1 vs. CAMB1"]
[Site "Birmingham ENG"]
[Date "2006.01.15"]
[Round "6.1"]
[White "Allicock, Rawle A"]
[Black "Mah, Karl C C"]
[Result "0-1"]
[WhiteElo "2302"]
[BlackElo "2425"]
[PlyCount "66"]
[EventDate "2006.01.15"]
[SourceDate "2005.10.25"]

1. d4 d5 2. c4 c6 3. Nf3 Nf6 4. e3 g6 5. Nbd2 Bg7 6. Bd3 O-O 7. O-O Nbd7 8.
cxd5 cxd5 9. h3 b6 10. Qe2 Bb7 11. a4 Ne4 12. a5 bxa5 13. Nb3 Rb8 14. Bd2 Nxd2
15. Qxd2 e5 16. Bb5 Ba6 17. Bxa6 Rxb3 18. Qxa5 Qxa5 19. Rxa5 exd4 20. Nxd4 Bxd4
21. exd4 Nf6 22. Rb1 Rfb8 23. Rc1 Rxb2 24. Rc6 R8b6 25. Rc8+ Kg7 26. Rc7 Rd2
27. Bb5 a6 28. Bxa6 Rb1+ 29. Kh2 Rxf2 30. Bc8 Rbb2 31. Be6 Rxg2+ 32. Kh1 Ne4
33. Rxf7+ Kh6 0-1

[Event "4NCL/Div2/WES1 vs. CAMB1"]
[Site "Birmingham ENG"]
[Date "2006.01.15"]
[Round "6.2"]
[White "Moskovic, David M"]
[Black "Upton, Ian J"]
[Result "0-1"]
[WhiteElo "2284"]
[BlackElo "2259"]
[PlyCount "74"]
[EventDate "2006.01.15"]
[SourceDate "2005.10.25"]

1. Nf3 d5 2. g3 Bg4 3. Bg2 Nd7 4. O-O e6 5. d3 Ngf6 6. h3 Bh5 7. Nbd2 Bc5 8. e4
dxe4 9. dxe4 e5 10. Qe1 O-O 11. Nc4 Re8 12. b4 Bf8 13. Bb2 Bxf3 14. Bxf3 Qe7
15. a3 Qe6 16. Qe2 Qxh3 17. Rad1 Qe6 18. Ne3 a5 19. Nd5 Bd6 20. b5 Nxd5 21.
exd5 Qe7 22. Qc4 f5 23. Rfe1 Qg5 24. Bg2 Re7 25. Rd3 Rae8 26. a4 e4 27. Rde3
Ne5 28. Bxe5 Rxe5 29. f4 exf3 30. Rxe5 Rxe5 31. Rxe5 fxg2 32. Re8+ Kf7 33. Qe2
g6 34. Rh8 Kg7 35. Qe8 Qxg3 36. Qg8+ Kf6 37. Qd8+ Ke5 0-1

[Event "4NCL/Div2/WES1 vs. CAMB1"]
[Site "Birmingham ENG"]
[Date "2006.01.15"]
[Round "6.3"]
[White "Webb, Richard M"]
[Black "Churm, Rohan M"]
[Result "1/2-1/2"]
[WhiteElo "2302"]
[BlackElo "2166"]
[PlyCount "52"]
[EventDate "2006.01.15"]
[SourceDate "2005.10.25"]

1. e4 e6 2. d3 d5 3. Nd2 Nf6 4. Ngf3 Bc5 5. d4 Be7 6. Bd3 c5 7. exd5 exd5 8.
dxc5 Bxc5 9. O-O O-O 10. Nb3 Bd6 11. Bg5 Bg4 12. Nbd4 Nbd7 13. h3 Bh5 14. Nf5
Bc5 15. Be2 Qb6 16. Rb1 Ne4 17. Be3 Ndf6 18. Bxc5 Qxc5 19. N3d4 Bxe2 20. Nxe2
Rfe8 21. c3 Re5 22. Nfd4 Rae8 23. Qd3 Qc4 24. Qxc4 dxc4 25. Rfd1 g6 26. b3 Rc8
1/2-1/2